UBT Library

The profession of dietetics : (Record no. 41555)

000 -LEADER
fixed length control field 00815cam a2200289 a 4500
001 - CONTROL NUMBER
control field 17535654
005 - DATE AND TIME OF LATEST TRANSACTION
control field 20180201090138.0
008 - FIXED-LENGTH DATA ELEMENTS--GENERAL INFORMATION
fixed length control field 121119s2014 maua b 001 0 eng
010 ## - LIBRARY OF CONGRESS CONTROL NUMBER
LC control number 2012046659
020 ## - INTERNATIONAL STANDARD BOOK NUMBER
International Standard Book Number 9781449678388
020 ## - INTERNATIONAL STANDARD BOOK NUMBER
International Standard Book Number 1449678386
020 ## - INTERNATIONAL STANDARD BOOK NUMBER
International Standard Book Number 9781284026085
035 ## - SYSTEM CONTROL NUMBER
System control number (DNLM)101596106
040 ## - CATALOGING SOURCE
Original cataloging agency DNLM/DLC
Transcribing agency DLC
Modifying agency DLC
041 ## - LANGUAGE CODE
Language code of text/sound track or separate title eng
042 ## - AUTHENTICATION CODE
Authentication code pcc
060 10 - NATIONAL LIBRARY OF MEDICINE CALL NUMBER
Classification number WB 400
080 ## - UNIVERSAL DECIMAL CLASSIFICATION NUMBER
Universal Decimal Classification number 613.2023 PAL
082 00 - DEWEY DECIMAL CLASSIFICATION NUMBER
Classification number 613.2023 PAL
Edition number 23
100 1# - Rafti
Rafti 10
101 ## - Shkurtesa
Shkurtesa NUT
245 14 - TITLE STATEMENT
Title The profession of dietetics :
Statement of responsibility, etc June R. Payne-Palacio, Deborah D. Canter.
504 ## - BIBLIOGRAPHY, ETC. NOTE
Bibliography, etc Includes bibliographical references and index.
906 ## - LOCAL DATA ELEMENT F, LDF (RLIN)
a 7
b cbc
c orignew
d 1
e ecip
f 20
g y-gencatlg
942 ## - ADDED ENTRY ELEMENTS (KOHA)
Source of classification or shelving scheme
Item type Books
Holdings
Withdrawn status Lost status Source of classification or shelving scheme Damaged status Not for loan Collection code Permanent location Current location Shelving location Date acquired Total Checkouts Full call number Barcode Date last seen Price effective from Koha item type
          Koleksioni i përgjithshem UBT - Lipjan UBT - Lipjan Koleksioni i përgjithshem 02/01/2018   613.2023 PAL 002-2997710 02/01/2018 02/01/2018 Books
UBT Library © 2015-2024. All rights reserved University Education for Business and Technology